Anglais médical - Statistiques

Statistiques générales
  • Ce quiz a été pris 128 fois
  • Le résultat moyen est 30 sur 52
Statistiques - réponses
Mot Traduction % Correct
Une main a hand
98%
Tête Head
97%
Un bras an arm
94%
Un doigt a finger
93%
Sang blood
92%
Visage face
92%
Pied foot
92%
Le coeur heart
92%
Yeux eyes
90%
Genou knee
89%
Bouche mouth
89%
Une épaule a shoulder
87%
Cou Neck
84%
Pieds feet
83%
Jambe leg
83%
Le dos back
81%
Muscle muscle
80%
Un poumon a lung
76%
Oreilles ears
75%
Os bone
72%
Nerf nerve
65%
Veine vein
63%
Orteils toes
62%
Cheville ankle
61%
Le ventre belly
60%
La grippe the flu
60%
Un poignet a wrist
57%
Hanche hip
54%
Gorge throat
53%
IRM MRI
51%
Ordonnance prescription
49%
Front forehead
48%
Un coude an elbow
47%
Médicament medecine
45%
Rein kidney
43%
La cuisse thigh
43%
Un rhume a cold
42%
Artère artery
39%
Gouttes drops
39%
Un vaisseau sanguin blood vessel
38%
Ligament ligament
30%
Une plaie a wound
29%
Pansement dressing
25%
Anti-douleurs painkillers
25%
La chair the flesh
25%
Radio x ray
25%
Articulation joint
22%
Point de suture stitch
20%
Pommade ointment
17%
Clavicule collarbone
13%
Cachets / comprimés tablets
12%
Moelle épinière spinal cord
11%
Aucun quiz correspondant
Distribution des résultats
% des personnes avec chaque résultat
Percentile par nombre de réponses
Votre historique - résultats
Vous n’avez pas pris ce quiz